[Event "EU-ch 1st"]
[Site "Saint Vincent"]
[Date "2000.07.03"]
[Round "1"]
[White "Kharlov, Andrei"]
[Black "Dittmar, Peter"]
[Result "1-0"]
[WhiteElo "2625"]
[BlackElo "2360"]
[Annotator "Tsesarsky"]
[PlyCount "53"]
[EventDate "2000.07.03"]
[EventType "swiss"]
[EventRounds "11"]
[EventCountry "ITA"]
[SourceTitle "CBM 078"]
[Source "ChessBase"]
[SourceDate "2000.10.18"]
[SourceVersion "1"]
[SourceVersionDate "2000.10.18"]
[SourceQuality "1"]

1. c4 e6 2. Nf3 d5 3. d4 c5 4. e3 Nf6 5. Nc3 Nc6 6. a3 a6 7. dxc5 Bxc5 8. b4
Bd6 9. Bb2 O-O 10. cxd5 exd5 11. Be2 $14 {I think, isolated Pd5 is weakness,
and Black has not enough compensation.} Re8 {Another mainlines are:} (11... Bg4
$14) (11... Be6 $14) 12. O-O Bc7 (12... Ne5 $2 13. Nxd5 $16 {1-0 Berger,Johann
Nepomuk-Schlechter,Carl/Vienna (6) ;HCL 1907 (45)}) (12... Bb8 13. Rc1 Bg4 14.
Na4 Qd6 15. g3 Ba7 16. Nc5 Re7 17. Nd4 Bxe2 18. Qxe2 Nxd4 19. Bxd4 $14 {
[%csl Rd5] 0-1 Udovcic,Mijo-Kholmov,Ratmir D/October Revolution 50 ;EXT 98
1967 (41)}) (12... Be6 13. Rc1 Qe7 14. Nd4 Ne5 $5 15. Nxe6 fxe6 16. Qd4 Rad8
17. f4 Nf7 18. Bf3 $14 {0-1 Ljungqvist,Lennart-Grabczewski,Romuald/POL-SVE
Lodz (2) ;EXT 2000 1969 (40)}) (12... Bg4 13. Rc1 $5 (13. b5 $6 Na5 (13... axb5
14. Nxb5 $14 {[%cal Gb5d4]}) 14. bxa6 bxa6 15. Na4 Ne4 (15... Nc4 $1 16. Bxf6
Qxf6 17. Qxd5 Nxa3 $11 {1-0 Ftacnik,L-De Haan,E/NED-chT Leeuwarden NED 2000 
(37)} (17... Ne5 $44)) 16. Bd4 Rb8 17. Ra2 Re6 18. h3 $132 {0-1 Mertins,
Klaus-Psakhis,Lev/Berlin op Berlin-West (2) ;TD 1988 (45)}) (13. g3 $5 Bh3 14.
Re1 Bb8 15. Na4 Ne4 16. Nc5 (16. Rc1 Ba7 {[%csl Rf2][%cal Ga7f2]} 17. Nd4 Qf6
18. f3 Qh6 19. Bf1 Nxg3 20. hxg3 Bxf1 21. Kxf1 Qh1+ (21... Rxe3 22. Rxe3 Qxe3
23. Nc5 Nxd4 24. Bxd4 Qxa3 25. Rb1 $14) 22. Kf2 Qh2+ $11) 16... Ba7 (16... Nxc5
17. bxc5 $14) 17. Rc1 Bxc5 18. bxc5 h6 19. Nd2 $14 {Nogueiras,Jesus-Garcia,
Gildardo/Santa Clara (8) ;EXT 2000 1996/1-0 (96)}) 13... Rc8 (13... Bc7 14. Na4
Qd6 15. g3 Ne4 16. Nc5 Nxc5 17. Rxc5 Rad8 18. Qd3 $14 {[%csl Rd5]} (18. Rxc6 $2
Qxc6 19. Qd4 Qf6 20. Qxf6 gxf6 21. Bxf6 Rd6 $15 {Pfleger,Helmut-Wockenfuss,
Klaus/Bundesliga 8384 ;GER-chT 1984/1/2-1/2 (53)})) 14. Rc2 (14. b5 axb5 15.
Nxb5 Bb8 16. h3 Bxf3 17. Bxf3 $14 {1-0 Frey,Kenneth-Pilarte,Rene/Havana-B (9) ;
MCD 1983 (40)}) 14... Rc7 15. Na4 Ne4 16. Nc5 Bc8 17. Qa1 Bxc5 18. bxc5 f6 19.
Rd1 $14 {Petronic,Jovan-Gligoric,Svetozar/JUG-ch Novi Sad ;CBM 49 1995/1/2-1/2
(55)}) 13. Na4 (13. Rc1 Qd6 14. g3 $5 (14. b5 $6 Ne5 15. Nxe5 Qxe5 (15... Rxe5
16. b6 Bxb6 17. Na4 Bc7 18. Rxc7 (18. Bxe5 Qxe5 19. g3 Bh3 20. Re1 Ba5 $15)
18... Qxc7 19. Nb6 (19. Bxe5 Qxe5 20. Nb6 Rb8 21. Bf3 Be6 $15) 19... Rb8 (19...
Qxb6 20. Bxe5 Bd7 $44) 20. Qc1 (20. Qa1 Re6 21. Bxf6 gxf6 22. Nxd5 Qe5 23. Qa2
Rd6 $19 {Purgin,Nikolaj-Monin,Nikolay/St Petersburg op ;TD 1993/1-0 (70)})
20... Qxc1 21. Rxc1 Re8 22. Bxf6 gxf6 23. Nxd5 Kg7 $17) 16. g3 Bh3 17. Na4 Qd6
18. Re1 Ba5 19. Bc3 axb5 20. Bxb5 $14 {1/2-1/2 Kallai,Gabor-Palkovi,Jozsef/
HUN-ch ;TD 1989 (35)}) 14... Bh3 15. Re1 Rad8 16. b5 $14) (13. Qd2 Qd6 14. Rfd1
d4 $6 {Further events in this game are not justify this premature pawn
sacrifice.} 15. exd4 Bg4 16. g3 Rad8 17. Qd3 $1 (17. Kg2 $6 Bxf3+ (17... Rxe2
$2 18. Qxe2 (18. Nxe2 Bxf3+ $1 19. Kxf3 Qd5+ 20. Ke3 Qe4#) 18... Nxd4 19. Rxd4
Bxf3+ 20. Qxf3 Qxd4 21. Qxb7 $16) 18. Bxf3 Nxd4 19. Bxb7 Qb6 20. Bd5 Nb3 21.
Bxb3 Rxd2 22. Rxd2 $132) 17... Bh5 {Also lead to worse position} (17... Bb6 18.
Na4 (18. d5 Ne7 $11 {[%csl Rd5]}) 18... Bxf3 (18... Bxd4 19. Bxd4 Nxd4 20. Qxd4
Qxd4 21. Nxd4 Bxe2 22. Nxe2 Rxd1+ 23. Rxd1 Rxe2 24. Kf1 Re7 25. Nc5 g5 26. Rd8+
Kg7 27. Rb8 $16) 19. Bxf3 Bxd4 20. Qc2 $16 {1-0 Granda Zuniga,Julio E-Franco
Ocampo,Zenon/Barcelona (2) ;CBM 21 1990 (37)}) 18. b5 $1 Bxf3 19. Bxf3 Nxd4 20.
Bxb7 axb5 21. Ne4 (21. Nxb5 Ne2+ 22. Qxe2 Rxe2 23. Rxd6 Bxd6 24. Bxf6 gxf6 $17)
21... Nxe4 22. Bxe4 $16) (13. Qd3 $5 $14 {[%cal Gf1d1]}) 13... Ne4 14. Nd4 $6 {
This move is connected with f2-f4 promotion which weaken important squares on
the e-line. This plan gives to Black chance to equalize.} ({In my opinion,
better is} 14. Rc1 Qd6 15. g3 Bh3 16. Re1 $14 {[%csl Rd5]}) 14... Qd6 15. f4 {
[%csl Re3,Re4]} Bd7 (15... Nf6 $6 16. Nxc6 $1 (16. Qd3 $6 Nxd4 17. Bxd4 Bg4 $11
) 16... bxc6 (16... Qxc6 17. Rc1 Qd6 18. Bxf6 gxf6 19. Nc3 Be6 20. Qd3 $14 {
[%csl Rd5,Rf6,Rf7][%cal Ge2f3]}) 17. Bd4 (17. Be5 Rxe5 18. fxe5 Qxe5 $17) 17...
Ne4 18. Rc1 $14 {[%cal Gc1c6]}) 16. Rc1 Rad8 ({Also good is} 16... Rac8 $132) (
{and} 16... Qe7 17. Bf3 Rac8 $132) 17. Bf3 Qg6 (17... Qh6 $5 18. Bg4 $11 {
-like in this game}) (17... Ng5 $2 18. Nc5 Nxf3+ 19. Rxf3 Bc8 (19... Bg4 20.
Nxb7 $16) 20. Rg3 {[%csl Rg7][%cal Gb2g7,Gg3g7]} f6 21. Nxa6 $1 $16) 18. Bh5
Qh6 19. Bg4 Nxd4 $2 {Black put mistake...} ({Right was} 19... Bxg4 20. Qxg4 Nf6
$1 (20... Nxd4 $2 21. Rxc7 Nb5 22. Rxb7 Ned6 23. Rb6 Rxe3 24. Nc5 $16 (24. Bc1
$16)) 21. Qf5 (21. Qf3 Rc8 22. Nxc6 bxc6 23. Nc5 a5 $132) 21... Ne4 22. Nxc6
bxc6 23. Bd4 Nd2 24. Rfd1 Nc4 25. Rd3 $132) 20. Bxd7 $2 {...but White miss
advantage after} (20. Rxc7 $1 Nf5 (20... Bxg4 21. Qxg4 Nf6 22. Qg5 $1 (22. Qd1
$2 Nf5 $17) 22... Ne2+ (22... Qxg5 {Black can't take on g5 because of line f
opening.} 23. fxg5 $16 {[%csl Rf7][%cal Gf1f7]}) 23. Kh1 Ne4 24. Qxh6 gxh6 25.
Nb6 $1 $16) 21. Bxf5 Bxf5 22. Rxb7 Nd6 23. Rb6 $16) 20... Rxd7 21. Bxd4 Rde7 (
21... Qe6 $132 {[%csl Rd5,Re3]}) 22. Rc2 Nd6 $6 $14 (22... b5 23. Nc5 Qg6 $11 {
[%csl Rd5,Re3]} (23... Bb6 $132)) 23. Nc3 {[%csl Rd5]} Qe6 24. Bc5 (24. Bxg7 $2
Kxg7 25. Nxd5 Bb6 $1 26. Kh1 Nf5 $15) (24. Be5 d4 25. exd4 f6 26. d5 Qf5 27.
Bxd6 (27. Bd4 Nc4 $44 {[%csl Ra3][%cal Gc4e3]}) 27... Bxd6 $44) 24... Rd7 $6
$16 (24... d4 $1 {After this strong P sacrifice Black retain good
possibilities for successful defence:} 25. exd4 (25. Bxd4 Nf5 $44 {[%csl Rd4,
Re3]}) 25... b6 26. Bxd6 (26. d5 Qg6 27. Bd4 Nf5 $44) 26... Qxd6 27. b5 a5 28.
a4 Re3 $14) 25. Nxd5 Nf5 $4 $18 {[%mdl 8192]} (25... Bd8 26. Rd2 (26. Bxd6 Rxd6
27. Rd2 Kh8 $14) 26... Ne4 27. Rd4 b6 28. Nxb6 Rxd4 29. Qxd4 Bf6 30. f5 Qb3 31.
Qd5 Nxc5 32. Qxc5 Qxa3 33. Nd5 $16) 26. e4 Kh8 ({Was not help also} 26... Bd8
27. Rd2 Qxe4 28. Nf6+ Bxf6 29. Rxd7 Ne3 30. Bxe3 Qxe3+ 31. Kh1 $18) 27. Nxc7
1-0

[Event "EU-ch 1st"]
[Site "Saint Vincent"]
[Date "2000.07.04"]
[Round "2"]
[White "Kempinski, Robert"]
[Black "Kharlov, Andrei"]
[Result "1/2-1/2"]
[WhiteElo "2498"]
[BlackElo "2627"]
[Annotator "Huzman"]
[PlyCount "104"]
[EventDate "2000.07.03"]
[EventType "swiss"]
[EventRounds "11"]
[EventCountry "ITA"]
[SourceTitle "CBM 078"]
[Source "ChessBase"]
[SourceDate "2000.10.18"]
[SourceVersion "1"]
[SourceVersionDate "2000.10.18"]
[SourceQuality "1"]

1. d4 {Hecht} d5 2. c4 dxc4 3. e3 Nf6 4. Bxc4 e6 5. Nf3 a6 6. Qe2 c5 7. dxc5
Bxc5 8. e4 b5 9. Bb3 Bb7 10. Nbd2 Nc6 11. O-O (11. e5 Ng4 12. O-O Nd4 13. Nxd4
Qxd4 14. Nf3 Bxf3 15. Qxf3 O-O 16. Qg3 Kh8 17. Bf4 g5 18. Bxg5 Rg8 19. Qf4 Rxg5
20. Qxg5 Rg8 21. Qh4 Qxe5 22. Rad1 Rg5 $132 {0-1 Rapoport,E-Maryasin,B/Match \
Beer-Sheva (Israel) 1998 (65)}) 11... Nd7 (11... e5 12. a4 Qb6 13. axb5 axb5
14. Rxa8+ Bxa8 15. Bd5 O-O 16. Bxc6 Bxc6 17. Nxe5 Bb7 18. Ng4 Nd7 $44 {1-0
Buckley,G-Duncan,C/Hampstead 1998/CBM 63 ext (36)}) 12. Bc2 e5 {Blackdecide to
close diagonal b1-h7 for White.} (12... O-O 13. Nb3 Ba7 14. e5 Nb4 15. Be4 (15.
Bxh7+ $5 Kxh7 16. Ng5+ Kg6 17. a3 Nxe5 (17... Rc8 18. axb4 Rxc1 19. Qd3+ Kxg5
20. Qg3+ Kh6 21. Rfxc1 $13) 18. Qxe5 Nd3 19. Qg3 Bb8 20. f4 Ba7+ 21. Be3 Bxe3+
22. Qxe3 $36) 15... Bxe4 16. Qxe4 $36 {[%cal Gf3g5]}) (12... Qc7 13. Nb3 (13.
a4 bxa4 $11) 13... Bb6 14. Be3 O-O 15. Rac1 $14) 13. a4 b4 (13... bxa4 14. Bxa4
O-O 15. Nb3 $36 {[%cal Gf1d1]}) 14. Nb3 Ba7 15. Bg5 Qc7 (15... f6 16. Bd2 O-O
17. Rac1 Kh8 18. Bd3 $14) 16. Rfc1 $5 O-O 17. Bd3 $36 {[%cal Gc1c7,Ye2a6]} Qd6
18. Bc4 {[%cal Gc4d5]} Nd4 19. Nfxd4 exd4 20. Na5 $1 $16 Qg6 $8 (20... Bb8 21.
f4 $1 $18) 21. Nxb7 Qxg5 22. Bxa6 Ne5 (22... Rfc8 23. Rd1 Ne5 24. Nd6 Rd8 25.
Nf5 g6 26. Ng3 $16) 23. Bd3 Rfc8 24. Rf1 $6 (24. Rd1 $5 Qe7 25. Na5 Qc7 26. Nb3
Nxd3 27. Rxd3 Qc2 28. Qd2 $16) 24... Qe7 25. Na5 Qc7 $1 26. Nb3 Nxd3 27. Qxd3
Qc2 $44 28. Qxc2 Rxc2 29. Rab1 d3 30. Rbd1 Rxb2 (30... Rd8 31. Rd2 $14) 31.
Rxd3 g6 32. g3 Rc8 33. Rd7 Ra8 34. Nd2 Ra2 35. Rc1 $1 Bb6 (35... Rxa4 36. Rcc7
Ra2 37. Rxf7 Bd4 38. Nb3 Be5 39. Rb7 Rb2 40. Nc5 Rd2 $132) 36. Rc6 Rd8 (36...
Ra7 37. Rd5 Bc7 38. Nc4 $14) 37. Rxd8+ Bxd8 38. Nc4 Kg7 39. Rc8 Rc2 $1 $11 40.
Rxd8 Rxc4 {Hecht: '[#] Schwarz bekämpft erfolgreich die weiße Mehrheit am
Königsflügel.'} 41. e5 b3 {Hecht: 'a) Auflösen der Damenflügelbauern'} 42. Rb8
Rxa4 43. Rxb3 Re4 {Hecht: 'b) angreifen, isolieren und eleminieren der Spitze
e5'} 44. Rb5 (44. f4 {Hecht} g5 45. fxg5 Rxe5 46. h4 Re6 47. Kg2 f6 $11) 44...
g5 45. h3 h5 46. f3 Ra4 47. e6 f6 48. Rb8 Ra7 49. f4 gxf4 50. gxf4 f5 51. Kf2
h4 52. Ke3 Kf6 1/2-1/2

[Event "EU-ch 1st"]
[Site "Saint Vincent"]
[Date "2000.07.10"]
[Round "7"]
[White "Kharlov, Andrei"]
[Black "Timman, Jan H"]
[Result "1-0"]
[WhiteElo "2627"]
[BlackElo "2639"]
[Annotator "Golod,V"]
[PlyCount "91"]
[EventDate "2000.07.03"]
[EventType "swiss"]
[EventRounds "11"]
[EventCountry "ITA"]
[SourceTitle "CBM 078"]
[Source "ChessBase"]
[SourceDate "2000.10.18"]
[SourceVersion "1"]
[SourceVersionDate "2000.10.18"]
[SourceQuality "1"]

1. d4 {Hecht} Nf6 2. c4 e6 3. Nc3 Bb4 4. Qc2 d5 5. cxd5 Qxd5 6. Nf3 Qf5 7. Qxf5
{After this move,white has a very small advantage in the endgame.} exf5 8. a3
$5 ({Other alternatives are:} 8. Bd2 $5 {You can see comments to Sergienko,
S-Lopushnoy,D/St.Petersburg, 1999/CBM 71(1-0)(Golod,V)(49) and Ward,C-Speelman,
J/Southend,1999/CBM71(1/2-1/2)(Golod,V)(44)}) ({and} 8. Bf4 $5 {See comments
to Golod,V-Psakhis,L/Tel-Aviv,1999/CBM 71 (1-0)(Golod,V)(67)}) 8... Bd6 {
Black don't afraid from virtual Nb5/\Nxd6. Black's plan is: to put one of
pieces on d5 square ,Kd7, Rc8 and equalize.Therefore, white try to use par of
BB and a little pawn structure defects in the black camp.} ({Other options are:
} 8... Be7 {See comments to Seirawan,Y-Adams,M/Bermuda,2000/CBM 76 (1/2-1/2)
(Golod,V)(43)}) ({and} 8... Ba5 $6 {Relange,E-Kortschnoj,V/Cannes,1996/CBM 51 
(1/2-1/2)(Dautov,R)(39)}) 9. g3 $5 {[%mdl 4]} ({Also was checked in the
previous games:} 9. Nb5 $5 {See comments to Vera,R-Stefansson,H/Varadero,2000/
CBM 77(1-0)(Golod,V)(66)}) (9. e3 Nbd7 10. Bd2 c6 11. Bd3 Nb6 12. b4 O-O 13.
O-O g6 $11 {Alterman,B-Davies,N/Rishon le Zion,1994 (1/2-1/2)(16)}) (9. Bg5
Nbd7 10. e3 c6 11. Bd3 (11. Nd2 O-O 12. Be2 Re8 13. O-O h6 14. Bxf6 Nxf6 15. g3
g5 16. Nc4 Bc7 17. f4 $132 {Krush,I-Shaked,T/Tuscon,Arizona,1999 (0-1)(64)})
11... h6 12. Bh4 g6 13. Nd2 (13. O-O O-O 14. Nd2 Kg7 15. Bg3 Bxg3 16. hxg3 Nb6
$11 {Yakovich,Y-Agrest,E/Stockholm,1999(1/2-1/2) (18)}) 13... Be7 14. f3 Nd5
15. Nxd5 Bxh4+ 16. g3 Bxg3+ 17. hxg3 cxd5 18. Rc1 Kd8 $44 {Kasparov,G-Kramnik,
V/Moscow g/5(blitz), 1998(1-0)(41)}) 9... c6 {Quite not obligatory move.} ({
Can be recommended:} 9... Be6 10. Bf4 $5 (10. Bg2 Nbd7 11. Ng5 c6 12. Nxe6 fxe6
13. O-O Nb6 14. Rd1 $11 {1/2-1/2 Gelfand,B-Jussupow,A/Vienna,1996 (14)}) 10...
Bxf4 11. gxf4 Nd5 12. e3 Nxc3 13. bxc3 c5 14. Bb5+ Ke7 15. Rg1 {+/=/= Narciso
Dublan,M-Soffer,R/Budapest, 1999(1/2-1/2)(26)}) 10. Bf4 $5 $146 {This move was
not played in the next game:} (10. Bh3 Be6 $11 {1/2-1/2 Dreev,A-Zvjaginsev,V/
St.Petersburg, 1999(10)}) 10... Bxf4 11. gxf4 $14 {[%mdl 16]} Nbd7 ({It
deserves attention at first:} 11... Be6 {/\Nbd7-b6(xd5).}) 12. Bg2 {In my
opinion this move better,than:} (12. e3 Nb6 13. Rg1 g6 {+/=/=}) 12... Nb6 13.
Ne5 Be6 {[%csl Yb6,Rd5,Ye6,Yf6][%cal Yb6d5,Yf6d5,Ye6d5]} 14. O-O Nfd5 ({
Another possibility is:} 14... Rd8 15. e3 $140 Nfd5) 15. e3 ({Much worse is:} 
15. Nd3 {in view of:} O-O-O {[%csl Rb7,Yc8][%cal Yc8b7]} 16. e3 h6 $132 {
[%cal Gg7g5]}) 15... Nxc3 (15... Rd8 16. Rfc1 $14 {/\Nd3-c5(weakness Pb7)} (16.
Nd3 $6 Nxc3 17. bxc3 Bc4 $11)) ({A few dubious:} 15... O-O-O {because of:} 16.
Rfc1 {with clear play on the queen side.}) 16. bxc3 {[%csl Rb7][%cal Gf1b1,
Ga3a4]} f6 ({Also white is better,after:} 16... Ke7 17. Rfb1 {[%csl Rb7][%cal
Ga3a4,Ga4a5]}) 17. Nd3 {[%csl Rb7,Re6][%cal Gd3c5]} Bc4 18. Rfd1 Na4 {Besides,
black has two principales moves:} (18... Nd5 19. Nb2 Bb3 20. Rdc1 $14 {[%cal
Gc3c4]}) ({and} 18... Bxd3 19. Rxd3 Rd8 (19... O-O-O $5) 20. Rb1 $36) 19. Nc5
$1 {Very strong move.} ({After:} 19. Rac1 $6 Rd8 {black equalizes.}) 19... Nxc5
20. dxc5 {[%mdl 4096] After knights was exchanged white gets a free play in
<-> b;<->d and strong pressure to black's pawn chain in the queen side.} Ke7 ({
Probably a little better is:} 20... Rd8) 21. Rab1 {[%csl Rb7]} Rab8 ({Is a
possible continuation of the play:} 21... Ba6 22. Bf1 Rab8 23. Bxa6 bxa6 24.
Rxb8 Rxb8 25. Rd6 Rb3 (25... Rc8 $143 26. Kf1 {[%cal Gf1e2,Ge2d3,Gd3c4] +/=/+/-
}) 26. a4 $14) 22. Rd4 Ba6 {[%csl Ya6,Rb7][%cal Ya6b7]} ({Badly:} 22... Be6 $2
{because of:} 23. Rdb4 b6 (23... Bc8 $2 24. Bxc6 $18 {[%csl Rb8]}) 24. cxb6 (
24. Bxc6 $2 Rhc8) 24... Rxb6 25. Rxb6 axb6 26. Rxb6 $16) 23. Bh3 $1 {[%mdl 32]}
g6 $140 {(weakness of the seventh line in the black camp).} 24. Bf1 Bxf1 25.
Kxf1 Rhd8 26. Ra4 Kd7 $2 {Probably, it's decisive mistake.} ({It is necessary:
} 26... a6 27. Rab4 Rd7 28. Rb6 {[%csl Rb8][%cal Gb6c6,Gb6a6]} Ke6 29. c4 (29.
Rxc6+ $143 bxc6 30. Rxb8 Kd5 $44) 29... Rd3 $14) 27. Rxa7 Kc7 28. c4 $1 {
[%csl Yc4,Rd5][%cal Yc4d5]} g5 (28... Rd3 $143 29. a4 {[%csl Rb7][%cal Ga4a5,
Ga5a6]} Ra3 (29... Rc3 30. Rb4 {[%csl Yb4]}) 30. a5 g5 31. Rb6 {[%csl Rb7]
[%cal Ga5a6] +/-/+-}) 29. fxg5 fxg5 30. a4 $16 {[%csl Rb7][%cal Ga4a5,Ga5a6]}
Rd2 31. a5 Ra2 32. Kg2 {Useful preventive move!} ({Also good enough right away:
} 32. Rb6) 32... Ra4 33. Rb6 $16 {[%csl Rb7][%cal Ga5a6]} Rxc4 34. a6 Rxc5 35.
Raxb7+ Rxb7 36. Rxb7+ Kd6 ({Leads to hopeless position:} 36... Kc8 37. Rxh7 Ra5
(37... Kb8 38. h3 $5 $18 {[%csl Rg5][%cal Gh7g7]}) 38. a7 c5 39. f4 $5 g4 (
39... gxf4 40. exf4 {[%csl Gh2]} c4 41. Kf3 c3 42. Ke3 Ra2 43. Rh8+ Kb7 44.
a8=Q+ Rxa8 45. Rxa8 Kxa8 46. h4 $18 {[%csl Gh4][%cal Gh4h5]}) 40. Kf2 c4 41.
Ke1 c3 42. Kd1 Ra2 43. Kc1 Ra1+ 44. Kc2 Ra3 45. Kd3 $22 $18) 37. Rxh7 {Hecht:
'[#] Nach Tausch der beiden Freibauern entscheidet die aktive weiße
Königsposition.'} g4 ({Most probably more stubborn resistance after:} 37... Ra5
38. a7 (38. Rh5 {Hecht} Rxa6 (38... g4 39. Rxf5 Rxa6 40. Rf4 Kd5 41. Rxg4 c5
$132 {scheint nicht klar zu sein.})) 38... c5 $16) 38. Rh5 $1 {[%csl Ga6,Yc5,
Rf5,Gh5][%cal Yc5f5,Yc5a5]} Ke5 $140 39. Rh8 {[%cal Ga6a7]} Ra5 $8 40. Ra8 Kf6
({Also white has a easy win after:} 40... Kd6 41. Kg3 Ra4 (41... Kc7 42. Kf4
Kb6 43. a7 Kb7 44. Rf8 Kxa7 45. Rxf5 $18) 42. a7 Kc5 43. f3 {[%cal Ge3e4]} gxf3
44. h4 $1 f2 45. Kxf2 Kb6 46. h5 Kb7 47. Rf8 Kxa7 48. Rxf5 $18) 41. Kg3 c5 (
41... Ra4 $144 42. Kh4 c5 43. a7 Kg7 44. Kg5 $18) 42. a7 Kg7 43. Kf4 c4 44. Kg5
$1 $18 c3 45. Rc8 Rxa7 46. Rxc3 {After this move black resigns,because of next
variants:} (46. Rxc3 Ra2 (46... Rf7 $143 47. Rc5 (47. Rc6 $5 {[%cal Gc6g6]}))
47. Rc7+ Kg8 (47... Kf8 $2 48. Rc5 {[%cal Gc5f5]}) 48. Kg6 {[%csl Rg8][%cal
Gc7c8]} Ra6+ $8 (48... Kf8 $2 49. Rf7+ Ke8 50. Rxf5 {[%csl Yf5][%cal Yf5f2]})
49. Kxf5 Ra2 {[%csl Rf2]} 50. Kxg4 (50. Kg6 Ra6+ 51. Kh5 Ra2) 50... Rxf2 51. h4
$18) 1-0

[Event "EU-ch 1st"]
[Site "Saint Vincent"]
[Date "2000.07.11"]
[Round "8"]
[White "Markowski, Tomasz"]
[Black "Kharlov, Andrei"]
[Result "1-0"]
[WhiteElo "2568"]
[BlackElo "2627"]
[Annotator "Ribli"]
[PlyCount "71"]
[EventDate "2000.07.03"]
[EventType "swiss"]
[EventRounds "11"]
[EventCountry "ITA"]
[SourceTitle "CBM 078"]
[Source "ChessBase"]
[SourceDate "2000.10.18"]
[SourceVersion "1"]
[SourceVersionDate "2000.10.18"]
[SourceQuality "1"]

1. g3 g6 2. Bg2 Bg7 3. c4 c5 4. Nc3 Nc6 5. Nf3 d6 6. O-O e5 {Diese Variante
ist sehr populär - Schwarz schlägt Vorteil aus einem Nachteil: der Ng8 steht
noch in der Grundstellung, nach dem Textzug kann er also auf e7 plaziert
werden. Das Feld d5 ist zwar schwach, aber in der Praxis erreicht Schwarz mit
diesem Aufbau gute Ergebnisse.} 7. d3 Nge7 8. Rb1 O-O 9. a3 f5 (9... a5 $5 {
Dieser Zug wäre logisch - Schwarz verhindert den Zug b2-b4.}) 10. Bg5 $5 {
[%cal Gg5e7] Das ist eine bekannte Strategie, in vielen Varianten der
Englischen Eröffnung (besonders in Systemen mit e5) möchte Weiß den
schwarzfeldrigen Läufer gegen den Springer abtauschen. Schwarz kann danach
meist nicht vom Läuferpaar profitieren, weil der Bg7 gewöhnlich keine
Aktivität bekommt.} h6 {Meiner Meinung nach ist das Provozieren des Läufers
wenig logisch, denn Weiß möchte den Läufer ohenhin früher oder später von sich
aus abtauschen.} (10... Be6 11. Ne1 (11. Qc1 Qd7 12. Bh6 Rae8 13. Bxg7 Kxg7 14.
Ng5 Bg8 15. b4 h6 16. Nf3 b6 $13 {1-0 Orzhekovsky,V-Tenikashvili,G/Moscow 1997/
EXT 2000 (46)}) 11... Qd7 12. Bxe7 Nxe7 13. b4 e4 14. Nd5 Bxd5 15. cxd5 cxb4
16. Rxb4 a5 {1-0 Stojanovski,S-Olsen,H/Herlev 1997/EXT 99 (45)}) (10... Bf6 11.
Bxf6 Rxf6 12. b4 $14) 11. Bxe7 Nxe7 (11... Qxe7 12. Nd5 Qf7 13. b4 Rb8 14. Nd2
Bd7 15. b5 Nd4 16. e3 Ne6 17. f4 exf4 18. gxf4 g5 19. fxg5 hxg5 20. Rxf5 {
1-0 Biebinger,G-Muehlberg,F/Bad Wiesse 1998/EXT 2000 (39)}) 12. Nd2 (12. b4 $2
e4 $19 {[%cal Rg7c3,Re4f3] Das ist ein gut bekanntes Motiv, vor dem sich Weiß
in Acht nehmen muss.}) 12... Rb8 13. Qa4 $6 {Die etwas unnatürliche Stellung
der weißen Dame auf a4 gefällt mir nicht. Zudem kommt Weiß wegen des Zuges
e5-e4 nicht zu b2-b4.} (13. Nd5 Bd7 (13... Nxd5 14. Bxd5+ Kh7 15. b4 {1/2-1/2
Rodriguez Aguilera,A-Bellon Lopez,J/Ponferrada 1992/EXT 2000 (52)}) 14. b4 b6
15. a4 cxb4 16. Rxb4 a5 17. Rb1 Nxd5 18. Bxd5+ Kh7 19. e3 {1-0 Bosboom,M-Van
der Wiel,J/NLD-ch 1990/CBM 19 (61)}) (13. Qc2 {[%cal Gb2b4]}) 13... Bd7 $5 {
Schwarz opfert zunächst einen (und später weitere) Bauern für Aktivität. Die
Fortsetzung 13...a6 wäre einfacher, doch Schwarz ist auf Damenfang aus.} (13...
a6 $5 $11 14. b4 $6 e4 $13) 14. Qxa7 $2 {Weiß ist konsequent und nimmt den
Bauern. Aber das ist gefährlich, weil der weißen Dame kein Rueckweg bleibt.} e4
$17 {[%cal Gg7a1] Damit opfert Schwarz einen weiteren Bauern, öffnet die
Diagonale des Bg7 und schließt den Bg2 ein.} (14... Ra8 $2 15. Qxb7 Rb8 16. Qa6
$18) 15. dxe4 f4 $2 {[%mdl 8192]} (15... Bc6 $1 {[%csl Ra7][%cal Rb8a8,Ra8a7]}
16. Nd5 Nxd5 17. exd5 Be8 $1 {[%csl Ra7] Schwarz muss nicht eilen - die Dame
kann sich nicht befreien.} (17... Ra8 18. Qxa8 Qxa8 19. dxc6 bxc6 $15 {Weiß
hat R+N+P für Q + eine feste Stellung.}) 18. b4 (18. a4 Ra8 19. Qxb7 Bxa4 {
[%cal Rf8f7,Rf7b7]} 20. b3 Be8 $19 {[%cal Rf8f7,Rf7b7]}) 18... Ra8 19. Qxb7 Rf7
20. Qxa8 Qxa8 $19) (15... Ra8 $2 16. Qxb7 Rb8 17. Qa6 $18) 16. e5 $1 {[%cal
Gg2a8][%mdl 256] Weiß gibt einen Bauern zurück und öffnet die Diagonale des
Bg2.} Bxe5 17. Nd5 $13 fxg3 $6 (17... Bf5 $5 18. Be4 Bxe4 19. Nxe4 (19. Nxe7+
Qxe7 20. Nxe4 Bd4 $17) 19... Nxd5 20. cxd5 Bd4 $44) 18. hxg3 $14 Nc6 (18... Bf5
19. e4 $14) 19. Qb6 Nd4 20. Rfe1 $16 Qg5 (20... Bg4 21. Qxd8 Rbxd8 22. Be4
Nxe2+ 23. Kg2 $16) 21. Ne4 {Weiß hat einen Bauern mehr. Schwarz hat nur
scheinbar Initiative am Königfsflügel, in Wirklichkeit aber kann er nichts
ausrichten, er hat keine Kompesnation für das Material..} Qh5 22. f4 {Mit
diesem Zug gewinnt Weiß weiteres Material.} Nxe2+ {Guter Rat ist schon teuer,
Schwarz versucht, im Trüben zu fischen.} 23. Rxe2 Qxe2 24. fxe5 $18 Bf5 25.
Ndf6+ Kh8 26. Qxd6 {Weiß hat großen Materialvorteil und eine überlegene
Stellung.} (26. Qc7 {[%cal Rc7h7,Rh7h8]} g5 27. Rf1 $18) 26... Rbd8 27. Qe7 g5
28. Rf1 Bg6 (28... Bxe4 29. Bxe4 $18) 29. Nxc5 Rc8 30. Ncd7 (30. Ne6 Rf7 31.
Qd6 $18) 30... Rf7 31. Qd6 {Diese Phase der Partie wurde vermutlich in Zeitnot
gespielt, denn Weiß hat schon seit vielen Zügen gewonnen, und es war höchste
Zeit für Schwarz, die Partie aufgeben.} Bd3 32. e6 Rg7 33. Nd5 Bxc4 34. Rf8+ (
34. e7 $18) 34... Rg8 35. Rxg8+ Kxg8 (35... Rxg8 36. Qe5+ $18) 36. Ne7+ 1-0